Open Data Biblioteca Nacional de Portugal


República Portuguesa: Ministério da Cultura
Biblioteca Nacional de Portugal

Catálogo da BNP: acesso por Identificadores Unívocos
Registos Bibliográficos associados ao registo de autoridade

Etiqueta de registo: 00000nkm 2200025 450
001 2246777
003 http://id.bnportugal.gov.pt/bib/catbnp/2246777
100 ## $a20260114d1997 m y0pory01030103ba
101 0# $apor
102 ## $aPT
200 1# $a 2.º Torneio da Malha do Concelho de Elvas, em todas as Freguesias do Concelho de Elvas, [de] 22 de fevereiro [a] 25 de abril 1997$bVisual gráfico]$fCâmara Municipal de Elvas
210 #9 $aElvas$cCâmara Municipal de Elvas,$d1997$e[Elvas]:$gLinhas de Elvas - Empresa Gráfica, Lda.)
215 ## $a1 cartaz$ccolor.$d42x29,2 cm
675 ## $a766(=1:469)»199"(084.5)$vBN$zpor$31975740
710 02 $aTorneio da Malha do Concelho de Elvas$d2,$eElvas,$f1997$31977956
712 01 $aElvas.$bCâmara Municipal$36356
801 #0 $aPT$bBN$gRPC
966 ## $lBN$mICONOG$sCT. 11250 V.$x1
971 ## $cCatmusica8$d20260114
995 ## $aPRR2026 $d20260114$iCatmusica8

OpendataBNP@bnportugal.pt | Mais informação sobre acesso aos dados BNP